| 000 | 00738nam a2200121Ia 4500 | ||
|---|---|---|---|
| 008 | 220615s9999||||xx |||||||||||||| ||und|| | ||
| 245 | 0 |
_aDoing Anthropology in Wartime and War Zones _bWorld War I and the Cultural Sciences in Europe |
|
| 546 | _aEnglish[eng] | ||
| 650 | _aHistory||Anthropology||War||World War I||History||Europe||Culture||Science||European History||History of Science||Cultural History||History of the 20th Century | ||
| 700 | _aJohler, Reinhard||Marchetti, Christian||Scheer, Monique | ||
| 856 | _uhttps://library.oapen.org/bitstream/20.500.12657/25381/1/1004715.pdf||https://library.oapen.org/bitstream/20.500.12657/25381/1/1004715.pdf||https://library.oapen.org/bitstream/20.500.12657/25381/1/1004715.pdf | ||
| 942 | _cEB | ||
| 999 |
_c17987 _d17987 |
||